[Event "Vignola op 11th"]
[Site "Vignola"]
[Date "2012.11.18"]
[Round "5"]
[White "Sfera, Mattia"]
[Black "Modena, Giorgio"]
[Result "1-0"]
[WhiteElo "2000"]
[BlackElo "1934"]
[PlyCount "69"]
[EventDate "2012.11.16"]
[EventType "swiss"]
[EventRounds "5"]
[EventCountry "ITA"]
[SourceTitle "EXT 2014"]
[Source "ChessBase"]
[SourceDate "2013.11.20"]
[SourceVersion "1"]
[SourceVersionDate "2013.11.20"]
[SourceQuality "1"]

1. e4 e6 2. d4 d5 3. Nc3 dxe4 4. Nxe4 Nd7 5. Nf3 Ngf6 6. Bg5 c5 7. Nxf6+ Nxf6 8. Qd2 Be7 9. 0-0-0 cxd4 10. Nxd4 0-0 11. Bd3 Bd7 12. h4 Rc8 13. f3 Qc7 14. Rhe1 Nd5 15. Bxe7 Nxe7 16. h5 Nd5 17. Kb1 Qf4 18. Qf2 Nb4 19. Be4 f5 20. Bd3 Nxd3 21. Rxd3 Qh6 22. Qh4 Qf6 23. Qxf6 Rxf6 24. Nxf5 Rxf5 25. Rxd7 Rxh5 26. Rxb7 a5 27. b3 Rhc5 28. c4 Re8 29. Kb2 Rg5 30. Re2 Kf8 31. a3 Re7 32. Rxe7 Kxe7 33. Rd2 h5 34. b4 a4 35. c5 1-0

[Event "Vignola Weekend-A 9th"]
[Site "Vignola"]
[Date "2010.11.12"]
[Round "1"]
[White "Tazzioli, Luca"]
[Black "Sfera, Mattia"]
[Result "0-1"]
[WhiteElo "1673"]
[BlackElo "1990"]
[PlyCount "90"]
[EventDate "2010.11.12"]
[EventType "swiss"]
[EventRounds "5"]
[EventCountry "ITA"]
[SourceTitle "EXT 2024"]
[Source "ChessBase"]
[SourceDate "2023.10.10"]
[SourceVersion "1"]
[SourceVersionDate "2023.10.10"]
[SourceQuality "1"]

1. e4 e6 2. d4 d5 3. Nd2 Nf6 4. exd5 exd5 5. c4 c6 6. Ngf3 Bd6 7. Bd3 0-0 8. 0-0 Bg4 9. h3 Bh5 10. Re1 Re8 11. Rxe8+ Qxe8 12. Qe2 Qf8 13. g4 Bg6 14. Bxg6 fxg6 15. Nf1 Nbd7 16. Be3 Re8 17. Re1 Kh8 18. b3 Ne4 19. N3h2 Ndf6 20. Qd3 a6 21. Nd2 Bxh2+ 22. Kxh2 Nxf2 23. Qf1 Qd6+ 24. Kg2 N6e4 25. Nxe4 Nxe4 26. Qf4 Qe7 27. Rf1 Nf6 28. Bd2 dxc4 29. bxc4 Qe2+ 30. Kg1 Qxc4 31. g5 Ne4 32. Qf8+ Rxf8 33. Rxf8+ Qg8 34. Rxg8+ Kxg8 35. Bf4 Nc3 36. Kf2 Nxa2 37. Bd2 b6 38. Ke3 a5 39. Kd3 Nb4+ 40. Ke4 Kf7 41. Bf4 Nd5 42. Be5 b5 43. Bd6 a4 44. Ke5 b4 45. Ke4 a3 0-1

[Event "Cesenatico op 14th"]
[Site "Cesenatico"]
[Date "2010.09.04"]
[Round "6"]
[White "Calavalle, Giulio"]
[Black "Sfera, Mattia"]
[Result "1/2-1/2"]
[WhiteElo "2263"]
[BlackElo "1970"]
[PlyCount "81"]
[EventDate "2010.08.30"]
[EventType "swiss"]
[EventRounds "9"]
[EventCountry "ITA"]
[SourceTitle "CBM 138 Extra"]
[Source "ChessBase"]
[SourceDate "2010.10.29"]
[SourceVersion "1"]
[SourceVersionDate "2010.10.29"]
[SourceQuality "1"]

1. e4 e6 2. Nf3 d5 3. e5 c5 4. b4 cxb4 5. d4 Nc6 6. a3 Bd7 7. axb4 Bxb4+ 8. c3 Be7 9. Bd3 f5 10. h4 h5 11. Ng5 g6 12. Na3 a6 13. Bd2 Nh6 14. Nc2 b5 15. Nh3 Kf8 16. Nf4 Kg7 17. g3 Qb6 18. Ne3 Ng4 19. Nxg4 hxg4 20. h5 gxh5 21. Rxh5 Rxh5 22. Nxh5+ Kf7 23. f3 Nxe5 24. dxe5 Qg1+ 25. Bf1 b4 26. Qe2 bxc3 27. Bxc3 Rc8 28. Bd2 Bb5 29. Qf2 Qxf1+ 30. Qxf1 Bxf1 31. Kxf1 Rh8 32. Rxa6 Rxh5 33. Ra7 Kf8 34. Kg2 gxf3+ 35. Kxf3 Rh1 36. Be3 Rb1 37. Rc7 Rb3 38. Ke2 Rb2+ 39. Kd3 Rb3+ 40. Kd4 Rb4+ 41. Kd3 1/2-1/2

[Event "ITA-ch U20"]
[Site "Bratto"]
[Date "2008.08.28"]
[Round "7"]
[White "Lapenna, Antonio"]
[Black "Sfera, Mattia"]
[Result "1/2-1/2"]
[WhiteElo "2118"]
[BlackElo "1893"]
[PlyCount "80"]
[EventDate "2008.08.22"]
[EventType "swiss"]
[EventRounds "9"]
[EventCountry "ITA"]
[SourceTitle "CBM 126 Extra"]
[Source "ChessBase"]
[SourceDate "2008.11.05"]
[SourceVersion "1"]
[SourceVersionDate "2008.11.05"]
[SourceQuality "1"]

1. c4 Nf6 2. Nc3 g6 3. g3 Bg7 4. Bg2 0-0 5. e4 d6 6. Nge2 c6 7. 0-0 Qc7 8. h3 e5 9. d3 a5 10. f4 b5 11. Be3 Ba6 12. b3 Nbd7 13. f5 Nb6 14. g4 b4 15. Na4 Nxa4 16. bxa4 h6 17. Bf3 g5 18. h4 Nh7 19. Qc1 Qe7 20. c5 d5 21. exd5 cxd5 22. Bxd5 Rad8 23. Bg2 Bxd3 24. Rf2 e4 25. f6 Bxf6 26. Ng3 Qe5 27. hxg5 Qxa1 28. gxf6 Qxc1+ 29. Bxc1 Ng5 30. Bxg5 hxg5 31. Nxe4 Rd4 32. Nd6 Rd8 33. Nf5 Bxf5 34. Rxf5 Rxg4 35. c6 Rc8 36. Rc5 Rc7 37. Kh2 Kh7 38. Bh3 Rd4 39. Bd7 Rd2+ 40. Kg3 Kg6 1/2-1/2

[Event "ITA-ch U20"]
[Site "Bratto"]
[Date "2008.08.27"]
[Round "6"]
[White "Sfera, Mattia"]
[Black "Rizza, Francesco"]
[Result "1-0"]
[WhiteElo "1893"]
[BlackElo "1924"]
[PlyCount "43"]
[EventDate "2008.08.22"]
[EventType "swiss"]
[EventRounds "9"]
[EventCountry "ITA"]
[SourceTitle "CBM 126 Extra"]
[Source "ChessBase"]
[SourceDate "2008.11.05"]
[SourceVersion "1"]
[SourceVersionDate "2008.11.05"]
[SourceQuality "1"]

1. e4 e6 2. d4 d5 3. Nc3 Nf6 4. Bg5 dxe4 5. Nxe4 Be7 6. Bxf6 gxf6 7. Nf3 b6 8. Bd3 f5 9. Ng3 Bb7 10. c3 Nd7 11. Qe2 c6 12. 0-0-0 Qc7 13. Kb1 Nf6 14. Ne5 Bd6 15. Nxf5 exf5 16. Ng6+ Ne4 17. Nxh8 0-0-0 18. Qh5 Nxf2 19. Nxf7 Nxd1 20. Nxd8 Nxc3+ 21. bxc3 Qxd8 22. Re1 1-0